| 000 | 00873nam a22002537a 4500 | ||
|---|---|---|---|
| 003 | BUBTL | ||
| 008 | 230102b ||||| |||| 00| 0 eng d | ||
| 020 | _a9781405841139 | ||
| 082 | _a821.8/ W884r/ 2010 | ||
| 100 |
_95125 _aWoolford, John |
||
| 245 |
_aRobert Browning: Selected Poems / _cJohn Woolford, Daniel Karlin, Joseph Phelan |
||
| 250 | _a1st Edn. | ||
| 260 |
_aLondon: _bRoutledge Taylor & Francis Group, _cc2010 |
||
| 300 |
_axxx, 901 p.: _c24.5 cm |
||
| 440 |
_95126 _aLongman Annotated English Poets |
||
| 500 | _aIncludes Index | ||
| 505 | _aRobert Browning, John Woolford, Daniel Karlin, Joseph Phelan, Selected Poems, English, English Literature | ||
| 650 | 0 |
_91994 _aEnglish Literature |
|
| 700 |
_95127 _aKarlin, Daniel |
||
| 700 |
_95128 _aPhelan, Joseph |
||
| 856 |
_k0 _l0 _yDownload |
||
| 942 |
_2ddc _cBK |
||
| 999 |
_c6893 _d6893 |
||